El Pensamiento de Omar Dengo "El problema social es problema de educación por excelencia" /
Sin resumen
Guardado en:
| Autor principal: | |
|---|---|
| Formato: | Texto |
| Materias: | |
| Etiquetas: |
Agregar Etiqueta
Sin Etiquetas, Sea el primero en etiquetar este registro!
|
MARC
| LEADER | 00000 a a2200000 04500 | ||
|---|---|---|---|
| 001 | 27 | ||
| 003 | |||
| 040 | |||
| 100 | |a Dengo Obregón de Vargas, María Eugenia | ||
| 245 | |a El Pensamiento de Omar Dengo "El problema social es problema de educación por excelencia" / |c María Eugenia Dengo Obregón de Vargas | ||
| 520 | |a Sin resumen | ||
| 650 | |a CRISIS DE LA EDUCACION | ||
| 650 | |a EDUCACION | ||
| 650 | |a PROBLEMAS SOCIALES | ||
| 650 | |a CRISIS | ||
| 773 | |g número 13 -14; páginas 23-28 | ||
| 999 | |c 36678 |d 36678 | ||
| 773 | 0 | |0 18806 |9 2087 |a Universidad Nacional de Costa Rica |d Heredia: C.R.: EUNA |o 02253 |t ABRA |x 14093928 | |
